Normal view
MARC view
- المصطلحات القانونية -- العقود -- القانون
Entry Topical Term
001 - CONTROL NUMBER
- control field: 12547
003 - CONTROL NUMBER IDENTIFIER
- control field: JO-AjAnu
005 - DATE AND TIME OF LATEST TRANSACTION
- control field: 20230606072318.0
008 - FIXED-LENGTH DATA ELEMENTS
- fixed length control field: 230606|| aca||aabn | a|a d
040 ## - CATALOGING SOURCE
- Original cataloging agency: JO-AjAnu
- Transcribing agency: JO-AjAnu
150 ## - HEADING--TOPICAL TERM
- Topical term or geographic name entry element: المصطلحات القانونية -- العقود -- القانون
670 ## - SOURCE DATA FOUND
- Source citation: Work cat.: (JO-AjAnu)6458: حبيب ، مصطفى سلمان , author 12546, المصطلحات القانونية في العقود الإنجليزية / إنجليزي - عربي